000 00460nab a2200145Ia 4500
003 ES-SlBCS
005 20210601132856.0
008 140529s1968 xxu||||| |||| 00| 0 ita d
041 _aita
100 1 _aDrago, Giovanni
_962838
245 0 0 _aUna pagina di filosofia marxista: le Tesi a Feuerbach
_c Giovanni Drago
650 0 4 _aFilosofía Marxista
_9113922
773 0 _tGiornali di Metafisica
_gvol. 23, nº. 4-5, 1968, págs. 434-462
_w0017-0372
942 _cAR
999 _c587026
_d587026